Southville International School and Colleges
Your cart is empty.
  • Cart
  • Lists
    Public lists Eva Luna New books Lux_list list_1
    Your lists Log in to create your own lists
  • Log in to your account
  • Your cookies
  • Search history
Southville International School and Colleges
  • Advanced search
  • Recent comments
  • Most popular
  • Libraries

Log in to your account

Log in with GOOGLE


If you do not have an external account, but do have a local account, you can still log in:

  1. Home
  2. MARC view: Teaching and supervising cognitive behavioral therapy /
Normal view MARC view ISBD view

Teaching and supervising cognitive behavioral therapy / (Record no. 335156)

[ view plain ]
MARC details
000 -LEADER
fixed length control field 00759nam a22002057a 4500
003 - CONTROL NUMBER IDENTIFIER
control field SISC
005 - DATE AND TIME OF LATEST TRANSACTION
control field 20170518115526.0
008 - FIXED-LENGTH DATA ELEMENTS--GENERAL INFORMATION
fixed length control field 170518b xxu||||| |||| 00| 0 eng d
020 ## - INTERNATIONAL STANDARD BOOK NUMBER
International Standard Book Number 9781118916087
050 ## - LIBRARY OF CONGRESS CALL NUMBER
Classification number RC 489.C63
Item number .Su943 2016
100 ## - MAIN ENTRY--PERSONAL NAME
Personal name Sudek, Donna M.
245 ## - TITLE STATEMENT
Title Teaching and supervising cognitive behavioral therapy /
Statement of responsibility, etc Donna M. Sudak, R. Trent Codd III, John Ludgate, Leslie Sokol, Marci G. Fox, Robert Reiser, Derek L. Milne.
260 ## - PUBLICATION, DISTRIBUTION, ETC. (IMPRINT)
Place of publication, distribution, etc New Jersey :
Name of publisher, distributor, etc John Wiley & Sons, Inc.,
Date of publication, distribution, etc 2016.
300 ## - PHYSICAL DESCRIPTION
Extent xxiii, 279 pages ;
Dimensions 23 cm.
500 ## - GENERAL NOTE
General note Includes bibliographical references and index.
650 ## - SUBJECT ADDED ENTRY--TOPICAL TERM
Topical term or geographic name as entry element Cognitive therapy.
650 ## - SUBJECT ADDED ENTRY--TOPICAL TERM
Topical term or geographic name as entry element Cognitive therapy -- Study and teaching.
650 ## - SUBJECT ADDED ENTRY--TOPICAL TERM
Topical term or geographic name as entry element Behavior therapy.
942 ## - ADDED ENTRY ELEMENTS (KOHA)
Source of classification or shelving scheme Library of Congress Classification
Koha item type Books
Holdings
Withdrawn status Lost status Source of classification or shelving scheme Damaged status Home library Current library Shelving location Date acquired Source of acquisition Cost, normal purchase price Sub Shelving location Total Checkouts Full call number Barcode Date last seen Price effective from Koha item type
    Library of Congress Classification   College Library College Library Graduate Section 05/18/2017 Library Fund 6371.00     RC 489.C63 .Su943 2016 C20879 05/15/2018 05/18/2017 Books

Teaching and supervising cognitive behavioral therapy /

APA

Sudek D. M., . (2016). Teaching and supervising cognitive behavioral therapy. New Jersey: John Wiley & Sons, Inc.

Chicago

Sudek Donna M, . 2016. Teaching and supervising cognitive behavioral therapy. New Jersey: John Wiley & Sons, Inc.

Harvard

Sudek D. M., . (2016). Teaching and supervising cognitive behavioral therapy. New Jersey: John Wiley & Sons, Inc.

MLA

Sudek Donna M, . Teaching and supervising cognitive behavioral therapy. New Jersey: John Wiley & Sons, Inc. 2016.

  • Place hold
  • Print
  • Cite
  • Add to your cart (remove)
  • Save record
    BIBTEX Dublin Core MARCXML MARC (non-Unicode/MARC-8) MARC (Unicode/UTF-8) MARC (Unicode/UTF-8, Standard) MODS (XML) RIS
  • More searches
    Search for this title in:
    Other Libraries (WorldCat) Other Databases (Google Scholar) Online Stores (Bookfinder.com) Open Library (openlibrary.org)

Exporting to Dublin Core...

SOUTHVILLE LIBRARY

Southville International School and Colleges Library

1281 Tropical Ave. Cor. Luxembourg St., BF Homes International, Las Pinas City

Tel. No. 8256374 / 252358 Loc. 117/146

Powered by Koha